00285nam a2200109Ia 4500008004100000082001600041100002000057245005700077250000800134260002100142650001200163150201s2014 xx 000 0 und d a610.73bC-N aNANDAN, LAVANYA aCUMLATIVE RECORD FOR GEN. NURSING & MIDWIFERY COURSE a1ST bA.P. JAINaDELHI aNURSING